বাংলার মুসলমানদের রাজনৈতিক চেতনার উন্মেষ ও বিকাশে সংবাদপত্রের ভূমিকা ১৯০৫-১৯৪০ / (Record no. 77668)
[ view plain ]
| 000 -LEADER | |
|---|---|
| fixed length control field | 02268nam a2200301 a 4500 |
| 001 - CONTROL NUMBER | |
| control field | 77668 |
| 003 - CONTROL NUMBER IDENTIFIER | |
| rucl marc code | BD-RjUL |
| 005 - DATE AND TIME OF LATEST TRANSACTION | |
| control field | 20211209083017.0 |
| 008 - FIXED-LENGTH DATA ELEMENTS--GENERAL INFORMATION | |
| fixed length control field | 201223s2001 bg a|||| m||| 00| 0 ben d |
| 035 ## - SYSTEM CONTROL NUMBER | |
| System control number | (BD-RjUL)77894 |
| 040 ## - CATALOGING SOURCE | |
| Original cataloging agency | BD-RjUL |
| Language of cataloging | ben/eng |
| Modifying agency | BD-RjUL |
| 041 ## - LANGUAGE CODE | |
| Language code of text/sound track or separate title | ben |
| 082 ## - DEWEY DECIMAL CLASSIFICATION NUMBER | |
| Classification number | 079.5414 |
| Author mark and year | KHB 2001 |
| Edition number | 23 |
| 100 ## - MAIN ENTRY--PERSONAL NAME | |
| Personal name | খাতুন, মোসা. হাজেরা |
| 9 (RLIN) | 242830 |
| 245 10 - TITLE STATEMENT | |
| Title | বাংলার মুসলমানদের রাজনৈতিক চেতনার উন্মেষ ও বিকাশে সংবাদপত্রের ভূমিকা ১৯০৫-১৯৪০ / |
| Statement of responsibility, etc. | মোসা. হাজেরা খাতুন ; |
| Linkage | গবেষণা তত্বাবধায়ক: মুহম্মদ নূরুল কাইয়ুম, ; সহ গবেষণা তত্বাবধায়ক: মুহম্মদ ময়েজুল ইসলাম |
| 260 ## - PUBLICATION, DISTRIBUTION, ETC. (IMPRINT) | |
| Place of publication, distribution, etc. | রাজশাহী : |
| Name of publisher, distributor, etc. | ইতিহাস বিভাগ, রাজশাহী বিশ্ববিদ্যালয়, |
| Date of publication, distribution, etc. | ২০০১ |
| 300 ## - PHYSICAL DESCRIPTION | |
| Pagination | [৮], ৩১৮ পাতা : |
| Illustrations | চিত্র ; |
| Size | ২৮ সেমি. |
| 502 ## - DISSERTATION NOTE | |
| Dissertation note | থিসিস (পিএইচ. ডি.) --ইতিহাস বিভাগ, রাজশাহী বিশ্ববিদ্যালয়, ২০০১ |
| 504 ## - BIBLIOGRAPHY, ETC. NOTE | |
| Bibliography, etc | গ্রন্থপঞ্জি: পাতা ২৮৭-৩১৮ |
| 600 ## - SUBJECT ADDED ENTRY--PERSONAL NAME | |
| Chronological subdivision | |
| 650 ## - SUBJECT ADDED ENTRY--TOPICAL TERM | |
| Topical term or geographic name as entry element | সাংবাদিকতা |
| Geographic subdivision | ভারত |
| -- | বঙ্গ |
| General subdivision | ইতিহাস |
| Chronological subdivision | ১৯০৫-১৯৪০ |
| 9 (RLIN) | 243319 |
| Topical term or geographic name as entry element | Journalism |
| Geographic subdivision | India |
| -- | Bengal |
| General subdivision | History |
| Chronological subdivision | 1905-1940 |
| 9 (RLIN) | 243320 |
| Topical term or geographic name as entry element | গণমাধ্যমে মুসলমান |
| General subdivision | রাজনৈতিক কার্যকলাপ |
| Geographic subdivision | ভারত |
| -- | বঙ্গ |
| General subdivision | ইতিহাস |
| Chronological subdivision | ১৯০৫-১৯৪০ |
| 9 (RLIN) | 243321 |
| Topical term or geographic name as entry element | Muslims in Mass Media |
| General subdivision | Political activity |
| Geographic subdivision | India |
| -- | Bengal |
| General subdivision | History |
| Chronological subdivision | 1905-1940 |
| 9 (RLIN) | 243322 |
| 700 ## - ADDED ENTRY--PERSONAL NAME | |
| Personal name | কাইয়ুম, মুহম্মদ নূরুল, গবেষণা তত্বাবধায়ক |
| Personal name | ইসলাম, মুহম্মদ ময়েজুল, সহ গবেষণা তত্বাবধায়ক |
| 942 ## - ADDED ENTRY ELEMENTS (KOHA) | |
| Source of classification or shelving scheme | Dewey Decimal Classification |
| Koha item type | Theses |
| Lost status | Source of classification or shelving scheme | Damaged status | Not for loan | Collection code | Permanent Location | Current Location | Shelving location | Date acquired | Source of acquisition | Total Checkouts | Full call number | Date last seen | Copy number | Koha item type |
|---|---|---|---|---|---|---|---|---|---|---|---|---|---|---|
| Dewey Decimal Classification | Not For Loan | Theses | Central Library, University of Rajshahi | Central Library, University of Rajshahi | Documentation Section | 02/10/2002 | Controller of Exam., R.U. | BTHE 079.5414 KHB 2001 | 23/12/2020 | C-1 | Theses |